Normal view MARC view
  • Rumsey, Francis

Entry Personal Name

Number of records used in: 1

001 - CONTROL NUMBER

  • control field: 104540

003 - CONTROL NUMBER IDENTIFIER

  • control field: NUST

005 - DATE AND TIME OF LATEST TRANSACTION

  • control field: 20221209105739.0

008 - FIXED-LENGTH DATA ELEMENTS

  • fixed length control field: 221209|| aca||aabn | a|a d

040 ## - CATALOGING SOURCE

  • Original cataloging agency: NUST
  • Transcribing agency: NUST

100 ## - HEADING--PERSONAL NAME

  • Personal name: Rumsey, Francis

670 ## - SOURCE DATA FOUND

  • Source citation: Work cat.: (NUST)176367: Rumsey, Francis., The digital interface handbook /, 1993.
© 2023 Central Library, National University of Sciences and Technology. All Rights Reserved.